Control malthusiano y neo : (Registro nro. 4938)

Detalles MARC
000 -LEADER
fixed length control field 00870nam a2200205Ia 4500
003 - CONTROL NUMBER IDENTIFIER
control field OSt
005 - DATE AND TIME OF LATEST TRANSACTION
control field 20200408134534.0
008 - FIXED-LENGTH DATA ELEMENTS--GENERAL INFORMATION
fixed length control field 191128s1978 ck gr 000 0 spa d
040 ## - CATALOGING SOURCE
Original cataloging agency CO-JMCR
Transcribing agency CO-JMCR
041 0# - LANGUAGE CODE
Language code of text/sound track or separate title spa
082 04 - DEWEY DECIMAL CLASSIFICATION NUMBER
Classification number 301.32 /
Item number H557c
100 1# - MAIN ENTRY--PERSONAL NAME
Personal name Hernández García, Alberto
Relator term autor
9 (RLIN) 2837
245 #0 - TITLE STATEMENT
Title Control malthusiano y neo :
Remainder of title malthusiano en la población colombiana /
Statement of responsibility, etc. Alberto Hernandez Garcia
260 ## - PUBLICATION, DISTRIBUTION, ETC.
Place of publication, distribution, etc. Bogotá :
Name of publisher, distributor, etc. Universidad de los Andes-CEDE,
Date of publication, distribution, etc. 1978
300 ## - PHYSICAL DESCRIPTION
Extent 67 páginas ;
Dimensions 28 cm.
490 0# - SERIES STATEMENT
Series statement Monografias CEDE ;
Volume/sequential designation 53
505 ## - FORMATTED CONTENTS NOTE
Formatted contents note Introducción : La trnasición demográfica en colombia motivación de este estudio -- Estándares de comparación para medir la transición -- Patrones de fecundidad y distribución de los diferentes estados civiles.
650 14 - SUBJECT ADDED ENTRY--TOPICAL TERM
Topical term or geographic name entry element Análisis demográfico
General subdivision Población
9 (RLIN) 2838
942 ## - ADDED ENTRY ELEMENTS (KOHA)
Source of classification or shelving scheme Dewey Decimal Classification
Koha item type Books
Existencias
Withdrawn status Lost status Source of classification or shelving scheme Materials specified (bound volume or other part) Damaged status Not for loan Home library Current library Shelving location Date acquired Source of acquisition Cost, normal purchase price Total Checkouts Full call number Barcode Date last seen Copy number Price effective from Koha item type
    Dewey Decimal Classification Donación--15/04/2018--     Biblioteca Pública José María del Castillo y Rada Biblioteca Pública José María del Castillo y Rada General Stacks 11/28/2019 Donación 0.00   301.32 / H557c 430001032 05/16/2024 Ej.1 11/28/2019 Books